Aircraft Design : A Conceptual approach (Record no. 319374)

000 -LEADER
fixed length control field 00345 a2200133 4500
001 - CONTROL NUMBER
control field 84301
082 ## - DEWEY DECIMAL CLASSIFICATION NUMBER
Classification number 629.134 RAY
090 ## - LOCALLY ASSIGNED LC-TYPE CALL NUMBER (OCLC); LOCAL CALL NUMBER (RLIN)
-- 40064
-- 40063
100 ## - MAIN ENTRY--PERSONAL NAME
Personal name Raymer,Daniel P
245 ## - TITLE STATEMENT
Title Aircraft Design : A Conceptual approach
260 ## - PUBLICATION, DISTRIBUTION, ETC.
Place of publication, distribution, etc. USA
Name of publisher, distributor, etc. AIAA, Virginia
Date of publication, distribution, etc. 1992
300 ## - PHYSICAL DESCRIPTION
Extent 822p.
Other physical details Photocopy
500 ## - GENERAL NOTE
General note BE Textbook Aerospace Dept
942 ## - ADDED ENTRY ELEMENTS (KOHA)
Institution code [OBSOLETE] NUST-CAE
Call number prefix 629.134 RAY
Holdings
Withdrawn status Lost status Damaged status Not for loan Collection code Permanent Location Current Location Date acquired Total Checkouts Full call number Barcode Date last seen Price effective from Koha item type
          College of Aeronautical Engineering (CAE) College of Aeronautical Engineering (CAE) 04/03/2017   629.134 RAY CAEG-9230 04/05/2017 04/05/2017 Book
© 2023 Central Library, National University of Sciences and Technology. All Rights Reserved.